Vocab divers Espagnol 4 - Statistiques

Statistiques générales
  • Ce quiz a été pris 35 fois
  • Le résultat moyen est 9 sur 20
Statistiques - réponses
mot Español % Correct
le sud el sur
93%
la ville la ciudad
93%
le nord el norte
90%
l'est el este
77%
l'ouest el oeste
77%
là bas allĺ
67%
proche de cerca de
67%
l'amérique centrale américa central
57%
le paysage el paisaje
57%
nager nadar
50%
à coté de al lado de
47%
les cheveaux los caballos
40%
se baigner bañarse
37%
paradisique paradisíaco
27%
le paradis el paraíso
23%
les voyages à l'étranger los viajes al extranjero
17%
bronzer tomar el sol / brocear
10%
la forêt vierge/tropicale la selva
7%
la baie la bahia
3%
les films romantiques las pelĺculas románticas
0%
Aucun quiz correspondant
Distribution des résultats
% des personnes avec chaque résultat
Percentile par nombre de réponses
Votre historique - résultats
Vous n’avez pas pris ce quiz